Linear programming and economic analysis (Registro nro. 603)
[ vista simple ]
| 000 -LEADER | |
|---|---|
| fixed length control field | 01426 a2200241 4500 |
| 001 - CONTROL NUMBER | |
| control field | 14676 |
| 005 - DATE AND TIME OF LATEST TRANSACTION | |
| control field | 20260407155448.0 |
| 008 - FIXED-LENGTH DATA ELEMENTS--GENERAL INFORMATION | |
| fixed length control field | 260407a1987 arg spa d |
| 003 - CONTROL NUMBER IDENTIFIER | |
| control field | AR-UNSa-BCEJYS |
| 040 ## - CATALOGING SOURCE | |
| Original cataloging agency | AR-UNSa-BCEJYS |
| Language of cataloging | spa |
| Transcribing agency | AR-UNSa-BCEJYS |
| 080 ## - UNIVERSAL DECIMAL CLASSIFICATION NUMBER | |
| Universal Decimal Classification number | 519.86 |
| Common auxiliary subdivision | Teoría de modelos económico-matemáticos |
| 020 ## - INTERNATIONAL STANDARD BOOK NUMBER | |
| International Standard Book Number | 978-0-486-65491-1 |
| 100 1# - MAIN ENTRY--PERSONAL NAME | |
| Personal name | Dorfman, Robert |
| 245 10 - TITLE STATEMENT | |
| Title | Linear programming and economic analysis |
| 264 #1 - PRODUCTION, PUBLICATION, DISTRIBUTION, MANUFACTURE, AND COPYRIGHT NOTICE | |
| Place of production, publication, distribution, manufacture | New York : |
| Name of producer, publisher, distributor, manufacturer | Dover |
| Date of production, publication, distribution, manufacture, or copyright notice | 1987 |
| 300 ## - PHYSICAL DESCRIPTION | |
| Extent | ix, 525 p. |
| Dimensions | 21 cm. |
| 505 ## - FORMATTED CONTENTS NOTE | |
| Formatted contents note | 1. Introduction - 2. Basic concepts of linear programming - 3. The valuation problem; market solutions - 4. The algebra of linear programming - 5. The transportation problem - 6. Linear-programming analysis of the firm - 7. Application to the firm; valuation and duality - 8. Nonlinear programming - 9. The statical leontief system - 10. The statical leontief system (continued) - 11. Dynamic aspects of linear models - 12. Efficient programs of capital accumulation - 13. Linear programming and the theory of general equilibrium - 14. Linear programming and welfare economics - 15. Elements of game theory - 16. Interrelations between linear programming and game theory |
| 590 ## - LOCAL NOTE (RLIN) | |
| Local note | niveau_biblio:m niveau_hierar:0 |
| 700 1# - ADDED ENTRY--PERSONAL NAME | |
| Personal name | Samuelson, Paul A. |
| 700 1# - ADDED ENTRY--PERSONAL NAME | |
| Personal name | Solow, Robert M. |
| 856 41 - ELECTRONIC LOCATION AND ACCESS | |
| Uniform Resource Identifier | <a href="https://www.biblioeco.unsa.edu.ar/pmb/images/libros/14676.jpg">https://www.biblioeco.unsa.edu.ar/pmb/images/libros/14676.jpg</a> |
| Link text | Imagen de portada |
| Electronic format type | image/jpeg |
| 942 ## - ADDED ENTRY ELEMENTS (KOHA) | |
| Koha item type | |
| Withdrawn status | Lost status | Damaged status | Not for loan | Home library | Current library | Shelving location | Date acquired | Total checkouts | Full call number | Barcode | Date last seen | Price effective from | Koha item type |
|---|---|---|---|---|---|---|---|---|---|---|---|---|---|
| Biblioteca Prof. Eusebio Cleto del Rey | Biblioteca Prof. Eusebio Cleto del Rey | 07/04/2026 | 519.86 D693 | L118970 | 07/04/2026 | 07/04/2026 | Libro | ||||||
| Biblioteca Prof. Eusebio Cleto del Rey | Biblioteca Prof. Eusebio Cleto del Rey | 07/04/2026 | 519.86 D693 | L118971 | 07/04/2026 | 07/04/2026 | Libro |